01342nas a2200265Ia 4500001001100000003000900011008004100020040001300061040001300074041001300087100004700100210004300147222004300190245012500233250001100358260004400369501008600413300001700499362001700516500026600533650003600799942000700835999001900842952021500861R042/67635IT-RoPAU151124c99999999xx |||||||||||| ||und|| aIT-RoPAU cIT-RoPAU aITALIANO aGirotti GiuseppegCodice Aut. SPICS: 39202 aIKON-REVUE INTERNATIONAL DE FILMOLOGIE aIkon-Revue International De Filmologie aIKON-REVUE INTERNATIONALE DE FILMOLOGIE (N.059-1966)bEffetti di Contesto Sulle Qualita' Espressive di Serie di Immagini a1a ed. aMILANObISTITUTO AGOSTINO GEMELLIc1966 bPaulus - SPICS - Società San Paolo EM (non-commercial uses only)cCopyright2015 a54 p. [9-62] a(N.059-1966) aPercezione di Qualità Espressive Fisionomiche. Ricerche Sull'Identificazione dell'Espressione Emotiva. Dimensioni Fondamentali dell'Espressività. Qualità Espressive dell'Ambiente. Effetti Do Contesto e Livello di Adattamento. Ricerca e Analisi dei Risulta aCINEMAvPUBBLICAZIONE PERIODICA cCR c187545d187545 0010406R_042_67635000000000071aSPICSbSPICSd2015-11-25l0oR042/67635r2015-11-25 00:00:00w2015-11-25yCRzProgr. Ins: 36777 / Copia rara: NO / date import: 25.11.2015 / By Epidotti, Trombetti, Vaglietti